| 000 | 00617nam a2200205 i 4500 | ||
|---|---|---|---|
| 001 | 93582 | ||
| 003 | ES-MaACL | ||
| 005 | 20230906181250.0 | ||
| 007 | t| | ||
| 008 | 050414s1958 sp ||||1| spa d | ||
| 100 | 1 |
_aLópez Abente, Gonzalo. _973379 |
|
| 245 | 1 | 0 |
_aGentileos nas ondas / _cGonzalo López Abente; verbas limiares de Sebastián Risco. |
| 260 |
_a[Vigo] : _bGalaxia, _c1958. |
||
| 300 |
_a97 p., 3 lám. ; _c19 cm. |
||
| 490 | 1 |
_aTrasalba ; _vn. 2 |
|
| 700 | 1 |
_aRisco, Sebastián. _997460 |
|
| 830 | 0 |
_aTrasalba ; _vn. 2 _9232107 |
|
| 852 |
_aES-MaACL _jC-15526 _bR.43067 |
||
| 999 |
_c93582 _d93582 |
||